000 00704cam a22002293a 4500
001 39311
003 PGUSA
005 20140828083855.0
008 120330s2012||||xxu|||||s|||||000 1 eng d
040 _aPGUSA
_beng
042 _adc
050 4 _aPQ
100 1 _aSue, Eugène,
_d1804-1857
245 1 0 _aLes mystères du peuple, Tome V :
_bHistoire d'une famille de prolétaires à travers les âges
_h[electronic resource] /
_cEugène Sue
260 _bProject Gutenberg,
_c2012
506 _aPublic domain in the USA.
516 _aElectronic text
653 _aFrance -- History -- Fiction
830 0 _aProject Gutenberg
_v39311
856 4 0 _uhttp://www.gutenberg.org/ebooks/39311
942 _cEB
999 _c268564
_d268564